Αγγλοελληνικό και ελληνοαγγλικό λεξικό : ερμηνευτικό-χρηστικό-εγκυκλοπαιδικό-εμπορικών τραπεζικών οικονομικών και χρηματοοικονομικών όρων
Αποθηκεύτηκε σε:
| Κύριος συγγραφέας: | |
|---|---|
| Άλλοι συγγραφείς: | |
| Μορφή: | Βιβλίο |
| Γλώσσα: | Greek English |
| Δημοσίευση: |
Αθήνα :
Παπαζήση,
2001
|
| Έκδοση: | 5η έκδ. |
| Θέματα: | |
| Ετικέτες: |
Προσθήκη ετικέτας
Δεν υπάρχουν, Καταχωρήστε ετικέτα πρώτοι!
|
MARC
| LEADER | 00000nam a2200000 i 4500 | ||
|---|---|---|---|
| 001 | 1/52772 | ||
| 008 | 040329s2001 gre d | ||
| 020 | |a 960-220-316-1 | ||
| 035 | |l 10072983 | ||
| 040 | |a GR-MY-UA |b gre |e aacr | ||
| 041 | 0 | |a gre |h eng | |
| 082 | 0 | |a 330.03 | |
| 100 | 1 | |a Χρυσοβιτσιώτης, Ιωάννης. | |
| 245 | 1 | 0 | |a Αγγλοελληνικό και ελληνοαγγλικό λεξικό : |b ερμηνευτικό-χρηστικό-εγκυκλοπαιδικό-εμπορικών τραπεζικών οικονομικών και χρηματοοικονομικών όρων / |c Ι. Χρυσοβιτσιώτη, Ι. Σταυρακόπουλου |
| 250 | |a 5η έκδ. | ||
| 260 | |a Αθήνα : |b Παπαζήση, |c 2001 | ||
| 300 | |a 1391 σ.; |c 24 εκ. | ||
| 650 | 0 | 0 | |a Commerce |x Dictionaries. |
| 650 | 0 | 0 | |a Business |x Dictionaries. |
| 650 | 0 | 0 | |a Banks and banking |x Dictionaries. |
| 650 | 0 | 0 | |a Economics |x Dictionaries. |
| 700 | 1 | |a Σταυρακόπουλος, Ιωάννης. | |
| 852 | |a INST |b CHIOS |e 20040329 |h 330.03 ΧΡΥ |p 005200022843 |q 005200022843 |t REF |y 23 | ||
| 901 | |a BIBL2-2004-3 | ||
| 909 | |a Χ |b 106127 | ||
| 922 | |a 2ΕΛΗ |b 200309 |c ΠΑΡΑΡΤΗΜΑ ΒΙΒΛΙΟΘΗΚΗΣ ΧΙΟΥ |d ΠΑΠΑΣΩΤΗΡΙΟΥ | ||
| 950 | |a 082-2003-09-01 | ||
| 970 | |a ΣΑΛΑΜΟΥΡΑ |b ΜΑΡΙΑ |z 2004/10/13 | ||